000 00325nam a22001457a 4500
003 SGT
020 _a978-81-89738-80-8
082 _a746
_bJAI
100 _aJAIN, RAHUL
245 _aRAPTURE THE ART OF INDIAN TEXTILES
260 _aINDIA
_bNIYOGI BOOKS
_c2019
300 _a244
650 _aTEXTILES
942 _2ddc
_cBK
999 _c25791
_d25791